| 000 | 00350nam a2200121 a 4500 | ||
|---|---|---|---|
| 005 | 20140414131908.0 | ||
| 008 | 101002s19uu xx 00 eng d | ||
| 050 |
_aER _bB35 2002 |
||
| 100 | _a | ||
| 245 |
_aBeauty and the beast : _bfirst words in english and spanish. |
||
| 260 |
_aManila, Philippines : _bNational Bookstore, _c2002. |
||
| 999 |
_c111029 _d111029 |
||